| 000 | 00610nam a22002057a 4500 | ||
|---|---|---|---|
| 003 | OSt | ||
| 005 | 20140310182839.0 | ||
| 008 | 130607t xxu||||| |||| 00| 0 eng d | ||
| 020 | _a9780470508961 | ||
| 050 |
_aTX 652 _b.D771 2011 |
||
| 082 |
_aM 641.50151 _bD771 2011 |
||
| 245 |
_aMath for the professional kitchen _cDreesen, Laura; Nothnagel, Michael; Wysocki, Susan |
||
| 260 |
_aHoboken, New Jersey : _bJohn Wiley & Sons, Inc., _cc2011. |
||
| 300 |
_aviii, 309 p. _bill. ; _c28 cm. |
||
| 521 | _aCollege Students | ||
| 526 | _c1210L-1700L | ||
| 541 | _j1 | ||
| 562 | _e1 | ||
| 942 |
_2lcc _cBK _kM |
||
| 999 |
_c16818 _d16818 |
||